Každý gazda svojho koňa vychvaľuje

Bibliographic Details
Main Author: Lettrich, Roman (Author)
Format: Article
Language:Slovak
ISSN:1335-440X
Subjects:

MARC

LEADER 00000nab a2200000 ar4500
001 vtls009008008
003 SK-MaSNL
005 20260303065505.0
008 070718c20070629xo |||||||||||000 b|slo
015 |a SNBRB2007/07  |2 snkbucl 
038 |a SNKBUCL 
040 |a SNKBUCL  |b slo  |c SNKBUCL  |e AACR2 
041 0 |a slo 
044 |a xo  |c SK 
080 |a 631  |x (437.6)  |2 1997 
080 |a 354.83  |x (437.6)  |2 1997 
080 |a 338.43  |x (437.6)  |2 1997 
100 1 |a Lettrich, Roman  |4 aut  |9 856760 
245 1 0 |a Každý gazda svojho koňa vychvaľuje  |c Roman Lettrich 
610 1 7 |a Slovensko.  |b Ministerstvo pôdohospodárstva  |2 snkbucl  |9 115174 
650 0 7 |a poľnohospodárstvo  |2 snkbucl  |9 679 
773 0 |t Sme. Roľnícke noviny  |g Č. 149 (29.6.2007)  |x 1335-440X 
773 0 8 |i Príl.:  |t Roľnícke noviny  |g Č. 26 (29.6.2007), s. 1 a 6 
852 |a SNK  |b KIS3GCP 
958 |a SK 
999 |c 1751392  |d 1753322